| 000 | 01078nam0a2200289 4500 | ||
|---|---|---|---|
| 001 | RU\NLR\bibl\1698140 | ||
| 005 | 20260407070809.0 | ||
| 010 |
_a978-5-386-01663-0 _bРИПОЛ классик |
||
| 010 |
_a978-5-412-00037-4 _bКэпитал Трейд Компани _910000 |
||
| 021 |
_aRU _b2010-78150 _95209 |
||
| 035 | _a(NLR Aleph) 001689228 | ||
| 090 |
_a1150145 _c1150145 |
||
| 100 | _a20101111d2010 |||y0rusy50 ca | ||
| 101 | 1 |
_arus _cfre |
|
| 102 | _aRU | ||
| 105 | _ay ||||||||| | ||
| 200 | 1 |
_aЗвездная бабочка _e[роман] _fБернар Вербер _g[пер. с фр. А. Дадыкина] |
|
| 210 |
_aМосква _cGELEOS _cРипол классик _d2010 |
||
| 215 |
_a377, [1] с. _d17 |
||
| 320 | _aДр. произведения авт. на обороте тит. л. | ||
| 686 | _aШ6(4Фр)67-440.4{Лх1649-50} | ||
| 700 | 1 |
_4070 _7ca _8rus _aВербер _bБ. _f1961- _gБернар _3RU\NLR\AUTH\770178439 _9178388 |
|
| 801 | 0 |
_aRU _bNLR _c20101111 _gRCR |
|
| 801 | 1 |
_aRU _bNLR _c20101111 |
|
| 942 | _cBOOK | ||
| 980 | _aNB | ||